MARC Record
Leader
003
BE-GnUNI
007
't'u
035
a| (MSK)310012130
084
a| XIII.1976.MUNCHEN.2
245
0
0
a| Grosse Kunstausstellung München 1976 (Ausstellung Munchen, Haus der Kunst, 12.6 - 26.9.1976).
260
a| München :
b| Haus der Kunst (München),
c| 1976.
546
a| Duits
585
a| Grosse Kunstausstellung München 1976
500
a| Tentoonstellingscatalogus
852
4
b| MSK
c| MSK
j| XIII.1976.MUNCHEN.2
920
a| boek
001
000012022
005
20241224121614.0